000 00975cam a2200205 4500
001 WB4011-19
008 040316n2004 000 0 eng u
035 _a(Sirsi) u125419
245 _aSecrets of succesful masterplans
260 _c2004
490 _aCABE Press Release
_v10 March 2004 (2)
520 _aCABE has published two new reports on the state of modern masterplanning. They highlight the value of masterplans, their importance for delivering major redevelopment over extended periods, how to produce successful masterplanned schemes and a series of recent case studies. "Creating successful masterplans: a guide for clients" is available at http://www.cabe.org.uk/publications/ and "Designed reviewed masterplans" will follow shortly. http://www.cabe.org.uk/news/press/showPRelease.asp ?id=612
590 _aWB
590 _aWB
650 _aREDEVELOPMENT
650 _aMASTERPLANS
650 _aURBAN DESIGN
690 _aREGENERATION
942 _n0
999 _c117102
_d117102